[Event "Casabermeja op"]
[Site "Casabermeja"]
[Date "2021.09.12"]
[Round "6"]
[White "Garrido Diaz, Ernesto"]
[Black "Cappelle, Cedric"]
[Result "1-0"]
[WhiteElo "1956"]
[BlackElo "1398"]
[PlyCount "91"]
[EventDate "2021.09.09"]
[EventType "swiss"]
[EventRounds "7"]
[EventCountry "ESP"]
[SourceTitle "CBM 204 Extra"]
[Source "ChessBase"]
[SourceDate "2021.11.30"]
[SourceVersion "1"]
[SourceVersionDate "2021.11.30"]
[SourceQuality "1"]

1. e4 e6 2. d4 d5 3. Nd2 c5 4. exd5 Qxd5 5. dxc5 Nf6 6. Ngf3 Qxc5 7. Nb3 Qc7 8. Bd3 Nbd7 9. 0-0 Be7 10. a4 0-0 11. a5 Nc5 12. Nxc5 Qxc5 13. Be3 Qc7 14. c3 Bd7 15. h3 Rfd8 16. Qc2 Bc6 17. Nd4 Rd7 18. Nxc6 bxc6 19. c4 Rad8 20. Rfd1 Rb8 21. a6 h6 22. Rdb1 Qe5 23. Bf1 Bc5 24. Ra5 Ne4 25. Bxc5 Nxc5 26. b4 Qe4 27. Qxe4 Nxe4 28. b5 Kf8 29. Ra3 Ke7 30. Be2 Nd2 31. Rb2 Kd8 32. Bd3 cxb5 33. cxb5 e5 34. f3 f5 35. Bxf5 Nc4 36. Bxd7 Nxb2 37. Bc6 Kc7 38. Ra2 Nc4 39. Rc2 Na5 40. Be4+ Kd6 41. Rd2+ Ke7 42. Rd5 Ke6 43. b6 axb6 44. a7 Ra8 45. Rxa5 bxa5 46. Bxa8 1-0

[Event "Casabermeja op"]
[Site "Casabermeja"]
[Date "2021.09.10"]
[Round "3"]
[White "Cappelle, Cedric"]
[Black "Buijs Martin, Urtzi"]
[Result "1-0"]
[WhiteElo "1398"]
[BlackElo "2020"]
[PlyCount "85"]
[EventDate "2021.09.09"]
[EventType "swiss"]
[EventRounds "7"]
[EventCountry "ESP"]
[SourceTitle "CBM 204 Extra"]
[Source "ChessBase"]
[SourceDate "2021.11.30"]
[SourceVersion "1"]
[SourceVersionDate "2021.11.30"]
[SourceQuality "1"]

1. d4 Nf6 2. Nf3 g6 3. g3 Bg7 4. Bg2 0-0 5. 0-0 d6 6. b3 e5 7. dxe5 Ng4 8. Bb2 Nc6 9. Qc1 Ngxe5 10. c4 Re8 11. Nc3 Nxf3+ 12. exf3 Nd4 13. Qd2 Bh3 14. Ne4 Bxg2 15. Kxg2 c5 16. Bxd4 Bxd4 17. Nc3 Qa5 18. Rac1 Re6 19. Rc2 a6 20. Nd5 Qxd2 21. Rxd2 Re5 22. Rfd1 Kg7 23. f4 Re4 24. f3 Ree8 25. Nc7 Rac8 26. Nxe8+ Rxe8 27. Rxd4 cxd4 28. Kf2 Re6 29. Rxd4 Kf6 30. Re4 Kf5 31. Ke3 h5 32. h3 h4 33. g4+ Kf6 34. Kd4 Ke7 35. f5 gxf5 36. gxf5 Rxe4+ 37. fxe4 Kf6 38. Kd5 Kg5 39. Kxd6 Kf4 40. Kd5 f6 41. e5 Kxf5 42. e6 Kg6 43. Kd6 1-0